<?xml version="1.0" encoding="UTF-8"?><?xml-stylesheet type="text/xsl" href="static/style.xsl"?><OAI-PMH xmlns="http://www.openarchives.org/OAI/2.0/" xmlns:xsi="http://www.w3.org/2001/XMLSchema-instance" xsi:schemaLocation="http://www.openarchives.org/OAI/2.0/ http://www.openarchives.org/OAI/2.0/OAI-PMH.xsd"><responseDate>2026-04-14T02:49:43Z</responseDate><request verb="GetRecord" identifier="oai:www.recercat.cat:2445/192646" metadataPrefix="marc">https://recercat.cat/oai/request</request><GetRecord><record><header><identifier>oai:recercat.cat:2445/192646</identifier><datestamp>2025-12-04T20:47:33Z</datestamp><setSpec>com_2072_1057</setSpec><setSpec>col_2072_478822</setSpec><setSpec>col_2072_478917</setSpec></header><metadata><record xmlns="http://www.loc.gov/MARC21/slim" xmlns:dcterms="http://purl.org/dc/terms/" xmlns:xsi="http://www.w3.org/2001/XMLSchema-instance" xmlns:doc="http://www.lyncode.com/xoai" xsi:schemaLocation="http://www.loc.gov/MARC21/slim http://www.loc.gov/standards/marcxml/schema/MARC21slim.xsd">
   <leader>00925njm 22002777a 4500</leader>
   <datafield ind2=" " ind1=" " tag="042">
      <subfield code="a">dc</subfield>
   </datafield>
   <datafield ind2=" " ind1=" " tag="720">
      <subfield code="a">De Corato, Marco</subfield>
      <subfield code="e">author</subfield>
   </datafield>
   <datafield ind2=" " ind1=" " tag="720">
      <subfield code="a">Pagonabarraga Mora, Ignacio</subfield>
      <subfield code="e">author</subfield>
   </datafield>
   <datafield ind2=" " ind1=" " tag="260">
      <subfield code="c">2023-01-26T11:47:28Z</subfield>
   </datafield>
   <datafield ind2=" " ind1=" " tag="260">
      <subfield code="c">2023-11-13T06:10:20Z</subfield>
   </datafield>
   <datafield ind2=" " ind1=" " tag="260">
      <subfield code="c">2022-11-13</subfield>
   </datafield>
   <datafield ind2=" " ind1=" " tag="260">
      <subfield code="c">2023-01-26T11:47:28Z</subfield>
   </datafield>
   <datafield ind2=" " ind1=" " tag="520">
      <subfield code="a">Similar to cells, bacteria, and other micro-organisms, synthetic chemically active colloids can harness the energy from their environment through a surface chemical reaction and use the energy to self-propel in fluidic environments. In this paper, we study the chemo-mechanical coupling that leads to the self-propulsion of chemically active colloids. The coupling between chemical reactions and momentum transport is a consequence of Onsager reciprocal relations. They state that the velocity and the surface reaction rate are related to mechanical and chemical affinities through a symmetric matrix. A consequence of Onsager reciprocal relations is that if a chemical reaction drives the motion of the colloid, then an external force generates a reaction rate. Here, we investigate Onsager reciprocal relations for a spherical active colloid that catalyzes a reversible surface chemical reaction between two species. We solve the relevant transport equations using a perturbation expansion and numerical simulations to demonstrate the validity of reciprocal relations around the equilibrium. Our results are consistent with previous studies and highlight the key role of solute advection in preserving the symmetry of the Onsager matrix. Finally, we show that Onsager reciprocal relations break down around a nonequilibrium steady state, which has implications for the thermal fluctuations of the active colloids used in experiments.</subfield>
   </datafield>
   <datafield tag="653" ind2=" " ind1=" ">
      <subfield code="a">Termodinàmica del desequilibri</subfield>
   </datafield>
   <datafield tag="653" ind2=" " ind1=" ">
      <subfield code="a">Matèria condensada tova</subfield>
   </datafield>
   <datafield tag="653" ind2=" " ind1=" ">
      <subfield code="a">Col·loides</subfield>
   </datafield>
   <datafield tag="653" ind2=" " ind1=" ">
      <subfield code="a">Nonequilibrium thermodynamics</subfield>
   </datafield>
   <datafield tag="653" ind2=" " ind1=" ">
      <subfield code="a">Soft condensed matter</subfield>
   </datafield>
   <datafield tag="653" ind2=" " ind1=" ">
      <subfield code="a">Colloids</subfield>
   </datafield>
   <datafield ind2="0" ind1="0" tag="245">
      <subfield code="a">Onsager reciprocal relations and chemo-mechanical coupling for chemically-active colloids</subfield>
   </datafield>
</record></metadata></record></GetRecord></OAI-PMH>